Cadernos FGV Direito Rio Educaȯ̂ e direito

Detalles Bibliográficos
Autor principal: Alves, Rogřio Barcelos
Formato: eBook
Lenguaje:portugués
Publicado: Rio de Janeiro : FGV - Direito Rio, 2012
Materias:
Acceso en línea:http://www.vlex.com/source/6826

MARC

LEADER 00000nam a22000007a 4500
005 20130129160352.0
007 cr|||| ||||
008 130129e2012 bl |||||s|||| 00||0 por d
020 |a 8563265229 
035 |a 6826 
040 |a vLex 
090 |c 3624  |d 3624 
100 1 0 |a Alves, Rogřio Barcelos 
245 1 0 |a Cadernos FGV Direito Rio  |b Educaȯ̂ e direito  |h [Recurso electrn̤ico] 
256 |a Servicio en ln̕ea 
260 |a Rio de Janeiro :  |b FGV - Direito Rio,   |c 2012 
300 |a 1 Recurso electrn̤ico 
650 0 4 |a Derecho internacional 
740 |a vLex Libros (Servicio en ln̕ea) 
856 |a Acceso restringido  |u http://www.vlex.com/source/6826 
942 |c BOOK 
999 0 |a International law